000 00861nas a2200277 4500
001 BR2015004568
003 BR-BrBNA
005 20231205125640.0
007 ta
008 230509b bl.|||p| |||| 00| 00por d
040 _aBR-BrBNA
_bpor
_cBiblioteca Nacional de Agricultura
041 _a(Pt)
072 _aL01; L73
100 1 _aTeixeira, E.W.
100 1 _aSerrão, J.E.
100 1 _aMessage, D.
100 1 _aOliveira, J.A. de
245 1 _aÁcido Tânico causa danos ao epitélio ventricular de larvas da abelha (Apis mellifera L.)(Hymenoptera: Apidae)
650 _aABELHA
650 _aGELÉIA REAL
650 _aÁCIDO TÂNICO
650 _aHIMENOPTERO
773 0 _tBoletim de Indústria Animal (Brazil)
_xISSN 0067-9615
_g(2003), v. 60(2) p. 155-161
_wBR2015004568
909 _a202311
_bLúcia
_c55
_dLúcia Elande
942 _2AGRIS
_n0
_cANA
999 _c245374
_d245374